000 00355nam a2200133Ia 4500
008 231221s9999 xx 000 0 und d
020 _a978-0-85729-124-0
041 _aEnglish
100 _aBir Bhanu, Ju Han
245 0 _aHuman Recognition at a Distance in Video
260 _c2010
_bSpringer US
_aNew York
650 _aComputer Science
942 _cEB
999 _c218371
_d218371